000 00494ntaaa2200181 4500
003 01
005 20251027202118.0
008 0714s1973 ag 01
040 _aAR-BaBN
_bspa
_cAR-BaBN
_eaacr
_dRIC
082 _a253.2000 AL8
100 _aAlves, Gorgonio Barbosa
_919594
245 _aO celibato à luz das estrituras
250 _a1 ed.
260 _aRío de Janeiro :
_bCasa Publicadora Batista,
_c1956
300 _a112 p
500 _aEl celibato a la luz de las escrituras
942 _cBK
999 _c15999
_d15999